[Event "Mondiale Lampo FIDE 2017"]
[Site "Riyadh"]
[Date "29.12.2017"]
[Round "7.36"]
[White "Moiseenko, Alexander"]
[Black "Laznicka, Viktor"]
[Result "0-1"]
[WhiteTitle "GM"]
[BlackTitle "GM"]
[WhiteElo "2667"]
[BlackElo "2647"]
[WhiteFideId "14102560"]
[BlackFideId "316385"]
[EventDate "2017.12.29"]

1. d4 d5 2. c4 c6 3. Nc3 Nf6 4. Nf3 a6 5. cxd5 cxd5 6. Bg5 Nc6 7. Bxf6 gxf6 8.
e3 Bg7 9. Bd3 O-O 10. O-O e6 11. Rc1 Bd7 12. Na4 b6 13. a3 Na5 14. Nc3 Qe7 15.
e4 dxe4 16. Bxe4 Rad8 17. Qe2 b5 18. d5 Nc4 19. Rfe1 Qd6 20. dxe6 fxe6 21. Rcd1
Qb6 22. Bd3 Nd6 23. h3 Bc8 24. Bb1 Nc4 25. Ba2 Qc7 26. Nd4 Qb6 27. Bxc4 bxc4 28.
Qxc4 Kh8 29. b4 e5 30. Nf3 Bb7 31. Na4 Qa7 32. Rxd8 Rxd8 33. Qc7 Rc8 34. Qe7 Qb8
35. Nc5 Bxf3 36. gxf3 Qa8 37. Qb7 Qxb7 38. Nxb7 Rc3 39. Re3 Rc2 40. Nc5 a5 41.
Rb3 Bf8 42. Nd7 a4 43. Rb1 Be7 44. b5 Rc7 45. b6 Rb7 46. Rb5 Bxa3 47. Nxf6 Bf8
48. Nd5 a3 49. Ra5 Rd7 50. Kf1 Kg7 51. Ke2 Kg6 52. Kd3 Bb4 53. Ra6 Rxd5+ 54. Ke4
Rb5 55. b7+ Kh5 56. Ra7 Kh4 57. f4 exf4 58. Kf3 Bd6 59. Ra6 Rb3+ 60. Ke4 Bb8 61.
Ra8 Rxb7 62. Rxa3 Re7+ 63. Kf5 Rf7+ 64. Ke6 Rf8 65. Rb3 f3 66. Ke7 Bd6+ 67. Kxd6
Kxh3 68. Ke5 Kg2 69. Rb2 h5 70. Ke4 h4 71. Rb7 Kxf2 72. Rh7 Ke2 73. Rxh4 f2 74.
Rh2 Ke1 75. Kd4 0-1

[Event "Mondiale Lampo FIDE 2017"]
[Site "Riyadh"]
[Date "29.12.2017"]
[Round "7.37"]
[White "Pantsulaia, Levan"]
[Black "Adhiban, Baskaran"]
[Result "0-1"]
[WhiteTitle "GM"]
[BlackTitle "GM"]
[WhiteElo "2612"]
[BlackElo "2655"]
[WhiteFideId "13602071"]
[BlackFideId "5018471"]
[EventDate "2017.12.29"]

1. Nf3 d6 2. g3 e5 3. Bg2 f5 4. O-O Nf6 5. c4 Be7 6. Nc3 O-O 7. d3 c6 8. Rb1 Na6
9. b4 Nc7 10. a4 a6 11. a5 Kh8 12. Na4 Be6 13. Nb6 Rb8 14. Bb2 f4 15. Qc2 Qe8
16. c5 Qh5 17. cxd6 Bxd6 18. Nc4 Bxc4 19. Qxc4 Ncd5 20. Ba1 fxg3 21. hxg3 Ng4
22. Rfe1 Nde3 23. fxe3 e4 24. Qd4 Be5 25. Qxe5 Nxe5 26. Nxe5 Qg5 27. Bd4 Rf5 28.
Nd7 Qxg3 29. Rf1 Rg5 30. Rf2 Rd8 31. Nc5 exd3 32. Ne4 Qg4 33. Nxg5 Qxg5 34. exd3
h5 35. Rbf1 h4 36. Rf3 Rxd4 37. exd4 Kh7 38. Kh1 Qd2 39. d5 cxd5 40. d4 Qxb4 41.
Rf4 g5 42. Rf7+ Kg6 43. Bxd5 Qxd4 44. Bxb7 h3 45. Rf8 g4 46. Rg8+ Kh6 47. Rgf8
g3 48. R8f4 Qd2 49. Rh4+ Kg5 50. Rxh3 Qe3 51. Bg2 Kg4 52. Rh7 Qd4 53. Rh6 Qe3
54. Rg6+ Kh5 55. Rgf6 Kg4 56. Rg6+ Kh5 57. Rg8 Qe5 58. Re8 Qxe8 0-1

[Event "Mondiale Lampo FIDE 2017"]
[Site "Riyadh"]
[Date "29.12.2017"]
[Round "7.38"]
[White "Adly, Ahmed"]
[Black "Ibrahimov, Rasul"]
[Result "1-0"]
[WhiteTitle "GM"]
[BlackTitle "GM"]
[WhiteElo "2637"]
[BlackElo "2518"]
[WhiteFideId "10601619"]
[BlackFideId "13400495"]
[EventDate "2017.12.29"]

1. d4 Nf6 2. Nf3 d5 3. c4 c6 4. e3 Bf5 5. Nc3 e6 6. Nh4 Be4 7. f3 Bg6 8. Nxg6
hxg6 9. Qc2 Be7 10. Bd2 a6 11. O-O-O Nbd7 12. Be1 b5 13. c5 Qc8 14. g4 Bd8 15.
h4 Bc7 16. Bd3 Qb7 17. h5 gxh5 18. g5 Ng8 19. g6 f5 20. e4 fxe4 21. fxe4 Ngf6
22. exd5 exd5 23. Qe2+ Kd8 24. Bf5 Bf4+ 25. Kb1 Re8 26. Qf3 Qc7 27. Bh4 Re3 28.
Qxh5 Ke7 29. Rde1 Rf8 30. Nd1 Rxe1 31. Rxe1+ Kd8 32. Re6 Bd2 33. Rd6 Bf4 34.
Rxd7+ Qxd7 35. Bxd7 Kxd7 36. Qf5+ 1-0

[Event "Mondiale Lampo FIDE 2017"]
[Site "Riyadh"]
[Date "29.12.2017"]
[Round "7.39"]
[White "Salgado Lopez, Ivan"]
[Black "Saric, Ivan"]
[Result "0-1"]
[WhiteTitle "GM"]
[BlackTitle "GM"]
[WhiteElo "2644"]
[BlackElo "2669"]
[WhiteFideId "2257327"]
[BlackFideId "14508150"]
[EventDate "2017.12.29"]

1. Nf3 g6 2. g3 Bg7 3. Bg2 e5 4. O-O d5 5. d3 Nc6 6. Nbd2 Nge7 7. e4 O-O 8. Re1
d4 9. a4 a5 10. Nc4 Be6 11. Bd2 h6 12. Rf1 g5 13. Kh1 Ng6 14. Ng1 Qd7 15. b3 Kh8
16. f3 f5 17. exf5 Bxf5 18. Rf2 Rae8 19. Qf1 b6 20. Re1 Be6 21. Bh3 g4 22. Bxg4
Bxg4 23. fxg4 Qxg4 24. Rxf8+ Rxf8 25. Qg2 Nce7 26. Rf1 Rxf1 27. Qxf1 e4 28. Qe2
Qxe2 29. Nxe2 e3 30. Be1 Nd5 31. Kg2 Kg8 32. Kf3 c5 33. Ke4 Nge7 34. c3 dxc3 35.
Nxe3 Nxe3 36. Kxe3 Nf5+ 37. Ke4 Nd4 38. Nxc3 Nxb3 39. Nd5 c4 40. dxc4 Nc5+ 41.
Kf5 Nxa4 42. Ke6 Nc5+ 43. Kd6 Nd3 44. Bc3 a4 45. Bxg7 Kxg7 46. Kc6 a3 47. Nc3
Ne5+ 48. Kxb6 Nxc4+ 49. Kc5 Ne3 50. Kb4 Nd5+ 51. Kb3 Nxc3 52. Kxc3 Kf6 53. Kb3
Kf5 54. h3 Ke4 55. Kxa3 Kf3 56. Kb3 Kxg3 57. Kc2 Kxh3 0-1

[Event "Mondiale Lampo FIDE 2017"]
[Site "Riyadh"]
[Date "29.12.2017"]
[Round "7.40"]
[White "Mchedlishvili, Mikheil"]
[Black "Li, Chao b"]
[Result "1/2-1/2"]
[WhiteTitle "GM"]
[BlackTitle "GM"]
[WhiteElo "2603"]
[BlackElo "2732"]
[WhiteFideId "13600966"]
[BlackFideId "8604436"]
[EventDate "2017.12.29"]

1. d4 Nf6 2. Bg5 d5 3. e3 g6 4. Nd2 Bg7 5. c3 O-O 6. Ngf3 Nbd7 7. Be2 b6 8. O-O
Bb7 9. h3 Re8 10. Bf4 Ne4 11. a4 a5 12. Bh2 Nd6 13. c4 dxc4 14. Bxd6 exd6 15.
Bxc4 Nf6 16. Qb3 Re7 17. Rac1 Rb8 18. Rfd1 h6 19. Qc2 Ne4 20. Bb5 Nxd2 21. Nxd2
c5 22. dxc5 bxc5 23. Nf3 Be4 24. Qd2 Re6 25. Ne1 Qg5 26. b3 Qd8 27. Bc4 Rf6 28.
Qe2 h5 29. Nd3 Rf5 30. Nf4 Qg5 31. f3 Ba8 32. Qf2 Qe7 33. Nd5 Bxd5 34. Rxd5 Rxd5
35. Bxd5 Qe5 36. Rd1 Re8 37. Rd3 g5 38. Bc4 h4 39. Qd2 Qa1+ 40. Kf2 Be5 41. Qd1
Bg3+ 42. Ke2 Qe5 43. e4 Bf4 44. Qc2 Qf6 45. Kf1 Be5 46. Qd2 Qd8 47. Rd5 Kg7 48.
Ke2 Kh6 49. Kd1 Qb6 50. Kc2 Bf4 51. Qc3 Be5 52. Qe1 Bg3 53. Qc3 Be5 54. Qd2 Bf4
55. Qe1 Bg3 56. Qa1 Be5 57. Qe1 Bg3 1/2-1/2

[Event "Mondiale Lampo FIDE 2017"]
[Site "Riyadh"]
[Date "29.12.2017"]
[Round "7.41"]
[White "Zhao, Jun"]
[Black "Khismatullin, Denis"]
[Result "0-1"]
[WhiteTitle "GM"]
[BlackTitle "GM"]
[WhiteElo "2604"]
[BlackElo "2632"]
[WhiteFideId "8602522"]
[BlackFideId "4142578"]
[EventDate "2017.12.29"]

1. Nf3 d5 2. d4 Nf6 3. c4 e6 4. Nc3 a6 5. cxd5 exd5 6. Bg5 Be6 7. e3 Nbd7 8. Bd3
Bd6 9. O-O c6 10. Qc2 h6 11. Bf4 Qc7 12. Bxd6 Qxd6 13. Rab1 O-O 14. h3 Rfe8 15.
b4 b5 16. a4 Nb6 17. a5 Nc4 18. Bxc4 bxc4 19. Ne5 Reb8 20. Qa4 Rc8 21. Qa3 Bf5
22. Rb2 Ne8 23. Na4 f6 24. Nf3 Ra7 25. Nc5 Nc7 26. Re2 Ne6 27. Nd2 Nxc5 28. dxc5
Qb8 29. Rc1 Bd3 30. Ree1 Rb7 31. Nf3 Rxb4 32. Nd4 Qb7 33. Qa2 Rb2 34. Qa4 Rb4
35. Qd1 Qd7 36. Rc3 Be4 37. Qh5 Rcb8 38. Qh4 Rb1 39. Rcc1 Rxc1 40. Rxc1 Bd3 41.
Qf4 Rb7 42. g4 Kf7 43. h4 Qc7 44. Qf3 Qd7 45. g5 hxg5 46. hxg5 Be4 47. Qh5+ Bg6
48. Qh4 Rb2 49. gxf6 gxf6 50. Kg2 Be4+ 51. Kg3 Qc7+ 52. Qf4 Qxf4+ 53. exf4 Rd2
54. Nxc6 d4 55. Nb4 c3 56. f3 Bf5 57. c6 c2 0-1

[Event "Mondiale Lampo FIDE 2017"]
[Site "Riyadh"]
[Date "29.12.2017"]
[Round "7.42"]
[White "Ni, Hua"]
[Black "Eljanov, Pavel"]
[Result "1/2-1/2"]
[WhiteTitle "GM"]
[BlackTitle "GM"]
[WhiteElo "2671"]
[BlackElo "2711"]
[WhiteFideId "8601160"]
[BlackFideId "14102951"]
[EventDate "2017.12.29"]

1. d4 d5 2. c4 c6 3. cxd5 cxd5 4. Bf4 Nc6 5. e3 Nf6 6. Nc3 Bg4 7. Qb3 Na5 8.
Qa4+ Bd7 9. Bb5 e6 10. Nf3 a6 11. Bxd7+ Nxd7 12. Ne5 b5 13. Qd1 Nxe5 14. Bxe5
Nc4 15. Qe2 Nxe5 16. dxe5 Bb4 17. Rc1 Rc8 18. Qd2 Qa5 19. a3 Bxc3 20. Rxc3 Rxc3
21. Qxc3 Qxc3+ 22. bxc3 Kd7 23. Kd2 Rc8 24. Kc2 Rc4 25. f3 f6 26. exf6 gxf6 27.
Rd1 Kc6 28. g4 a5 29. Kb3 e5 30. h4 Kd6 31. Rg1 Ke6 32. Kb2 Kf7 33. Kb3 h5 34.
Kb2 e4 35. f4 hxg4 36. Rxg4 b4 37. axb4 axb4 38. cxb4 Rxb4+ 39. Kc3 Rc4+ 40. Kd2
f5 41. Rg5 Kf6 42. h5 d4 43. Rg6+ Kf7 44. exd4 Rxd4+ 45. Ke2 Rd3 46. Rg5 Ke6 47.
Rg6+ Kd5 48. Rf6 Rh3 49. Rxf5+ Kd4 50. Ra5 Rh2+ 51. Kf1 e3 52. f5 Kd3 53. Ra3+
Ke4 54. f6 Kf3 55. Kg1 Rxh5 56. Ra1 Rg5+ 57. Kh2 Kf2 58. Kh3 Rf5 59. Ra6 e2 60.
Kg4 Rf3 61. Re6 Rg3+ 62. Kh5 Rg1 63. Rxe2+ Kxe2 64. f7 Rf1 65. Kg6 1/2-1/2

[Event "Mondiale Lampo FIDE 2017"]
[Site "Riyadh"]
[Date "29.12.2017"]
[Round "7.43"]
[White "Bocharov, Dmitry"]
[Black "Tregubov, Pavel V."]
[Result "1-0"]
[WhiteTitle "GM"]
[BlackTitle "GM"]
[WhiteElo "2583"]
[BlackElo "2575"]
[WhiteFideId "4138716"]
[BlackFideId "4115341"]
[EventDate "2017.12.29"]

1. c4 c5 2. Nc3 Nc6 3. g3 g6 4. Bg2 Bg7 5. Nf3 e5 6. O-O d6 7. a3 Nge7 8. b4 O-O
9. Rb1 Rb8 10. d3 h6 11. Nd2 b6 12. Qa4 Bd7 13. b5 Na5 14. Qc2 f5 15. Bb2 Kh7
16. e3 Qe8 17. Rbe1 Nb7 18. f4 Nd8 19. Kh1 Ne6 20. a4 g5 21. Nd5 gxf4 22. exf4
Nxd5 23. Bxd5 Nd4 24. Qd1 Be6 25. Bg2 Qd7 26. Bxd4 cxd4 27. Nf3 exf4 28. gxf4
Rbe8 29. Nh4 Qd8 30. Qh5 Qf6 31. Bc6 Re7 32. Bd5 Bxd5+ 33. cxd5 Re3 34. Rg1 Rfe8
35. Rc1 R8e7 36. Nxf5 Rf7 37. Nxg7 Rxg7 38. Rxg7+ Qxg7 39. Qf5+ Kh8 40. Rc8+ 1-0

[Event "Mondiale Lampo FIDE 2017"]
[Site "Riyadh"]
[Date "29.12.2017"]
[Round "7.44"]
[White "Halkias, Stelios"]
[Black "Akobian, Varuzhan"]
[Result "0-1"]
[WhiteTitle "GM"]
[BlackTitle "GM"]
[WhiteElo "2571"]
[BlackElo "2647"]
[WhiteFideId "4201809"]
[BlackFideId "13300580"]
[EventDate "2017.12.29"]

1. Nf3 Nf6 2. c4 b6 3. g3 Bb7 4. Bg2 g6 5. O-O Bg7 6. Nc3 O-O 7. d4 Ne4 8. Qc2
Nxc3 9. bxc3 c5 10. d5 d6 11. e4 Nd7 12. Nd2 Re8 13. Re1 Qc7 14. Nf1 Ba6 15. Ne3
Ne5 16. Qe2 Rab8 17. a4 e6 18. f4 Nd7 19. Qc2 Nf6 20. Bd2 Re7 21. a5 bxa5 22.
dxe6 Rxe6 23. Nd5 Nxd5 24. cxd5 Ree8 25. c4 Bxa1 26. Rxa1 Rb4 27. Bc3 Rxc4 28.
e5 dxe5 29. Bf1 Rxc3 30. Qxc3 Bxf1 31. Rxf1 exf4 32. Rxf4 Qe5 33. Qxe5 Rxe5 34.
Ra4 Rxd5 35. Rxa5 Rd1+ 36. Kg2 Rd2+ 37. Kf3 Rxh2 38. Rxc5 Ra2 39. g4 h6 40. Rc8+
Kg7 41. Rc7 a5 42. Kf4 a4 43. Ra7 a3 44. Kg3 Ra1 45. Kg2 a2 46. Kh2 Kf8 47. Ra6
f5 48. gxf5 gxf5 49. Kg2 f4 0-1

[Event "Mondiale Lampo FIDE 2017"]
[Site "Riyadh"]
[Date "29.12.2017"]
[Round "7.46"]
[White "Mamedov, Rauf"]
[Black "Miton, Kamil"]
[Result "1-0"]
[WhiteTitle "GM"]
[BlackTitle "GM"]
[WhiteElo "2709"]
[BlackElo "2584"]
[WhiteFideId "13401653"]
[BlackFideId "1111914"]
[EventDate "2017.12.29"]

1. e4 e6 2. d4 d5 3. Nd2 dxe4 4. Nxe4 Bd7 5. Nf3 Bc6 6. Bd3 Nd7 7. Ned2 Ngf6 8.
O-O Be7 9. Re1 b6 10. b3 O-O 11. Bb2 Bb7 12. c4 c5 13. Qe2 Re8 14. Rad1 Qc7 15.
Ng5 Bf8 16. dxc5 h6 17. Nge4 Nxe4 18. Nxe4 bxc5 19. Bb1 f5 20. Ng3 Qc6 21. f3
Rad8 22. Nh5 Qc7 23. Bc3 Re7 24. Qd2 Rde8 25. Nf4 Bc6 26. h4 Qc8 27. Qd3 Rf7 28.
Nxe6 Be7 29. Nxg7 Rxg7 30. Bxg7 1-0

[Event "Mondiale Lampo FIDE 2017"]
[Site "Riyadh"]
[Date "29.12.2017"]
[Round "7.47"]
[White "Ganguly, Surya Shekhar"]
[Black "Ponomariov, Ruslan"]
[Result "1-0"]
[WhiteTitle "GM"]
[BlackTitle "GM"]
[WhiteElo "2650"]
[BlackElo "2694"]
[WhiteFideId "5002150"]
[BlackFideId "14103320"]
[EventDate "2017.12.29"]

1. c4 e5 2. Nc3 Nc6 3. Nf3 Nf6 4. e3 Be7 5. Qb3 O-O 6. Be2 d6 7. d3 Rb8 8. O-O
Bg4 9. h3 Bh5 10. a3 Re8 11. Qc2 Bf8 12. b4 a6 13. Bb2 h6 14. Nd5 Nxd5 15. cxd5
Ne7 16. e4 c6 17. dxc6 Nxc6 18. Qb3 Ne7 19. d4 exd4 20. Nxd4 Bg6 21. Bc4 b5 22.
Bd3 Qd7 23. f4 d5 24. f5 Bh7 25. e5 Nc8 26. Rac1 Nb6 27. e6 Qb7 28. f6 Bxd3 29.
Qxd3 Nc4 30. fxg7 Nxb2 31. gxf8=Q+ Rxf8 32. Qg3+ Kh7 33. Rc7 1-0

[Event "Mondiale Lampo FIDE 2017"]
[Site "Riyadh"]
[Date "29.12.2017"]
[Round "7.48"]
[White "Van Foreest, Jorden"]
[Black "Almasi, Zoltan"]
[Result "1-0"]
[WhiteTitle "GM"]
[BlackTitle "GM"]
[WhiteElo "2629"]
[BlackElo "2682"]
[WhiteFideId "1039784"]
[BlackFideId "702293"]
[EventDate "2017.12.29"]

1. e4 e5 2. Nf3 Nc6 3. Nc3 Nf6 4. Be2 d6 5. O-O g6 6. d4 exd4 7. Nxd4 Bg7 8.
Nxc6 bxc6 9. Bf4 Nd7 10. Qd2 O-O 11. Bh6 Rb8 12. Bxg7 Kxg7 13. b3 Qf6 14. Rad1
Nc5 15. Qd4 Qxd4 16. Rxd4 Re8 17. Rfd1 a5 18. f3 f5 19. exf5 Bxf5 20. R1d2 Rb4
21. g4 Bd7 22. Kf2 Ne6 23. Rc4 Nf4 24. Rdd4 Nxe2 25. Nxe2 c5 26. Rd3 Rxc4 27.
bxc4 Be6 28. Rc3 Rb8 29. Nf4 Bf7 30. Nd3 Rb1 31. Ra3 Bxc4 32. Rxa5 Rb7 33. Ke3
Kf6 34. Ra8 c6 35. a4 Bxd3 36. Kxd3 d5 37. Rc8 Rb6 38. Rf8+ Kg7 39. Rc8 Ra6 40.
Kc3 Kf6 41. Kb3 Ke5 42. Rf8 c4+ 43. Kb4 Kd4 44. a5 Ra7 45. Rf6 Rb7+ 46. Ka4 c5
47. a6 Rb1 48. Ka5 Kc3 49. a7 Ra1+ 50. Kb6 d4 51. Rf8 Kxc2 52. a8=Q Rxa8 53.
Rxa8 c3 54. Kxc5 d3 55. Kc4 d2 56. Rd8 d1=Q 57. Rxd1 Kxd1 58. Kxc3 Ke2 59. f4 1-0

[Event "Mondiale Lampo FIDE 2017"]
[Site "Riyadh"]
[Date "29.12.2017"]
[Round "7.49"]
[White "Fedorchuk, Sergey A."]
[Black "Inarkiev, Ernesto"]
[Result "1/2-1/2"]
[WhiteTitle "GM"]
[BlackTitle "GM"]
[WhiteElo "2648"]
[BlackElo "2689"]
[WhiteFideId "14102536"]
[BlackFideId "4162722"]
[EventDate "2017.12.29"]

1. e4 c5 2. Nf3 e6 3. d4 cxd4 4. Nxd4 Nc6 5. Nc3 Qc7 6. Be2 a6 7. O-O Nf6 8. Be3
Be7 9. f4 d6 10. Kh1 O-O 11. Qe1 Nxd4 12. Bxd4 b5 13. Qg3 Bb7 14. a3 Bc6 15.
Rae1 Rad8 16. Bd3 Qd7 17. Nd1 g6 18. Bc3 d5 19. e5 Nh5 20. Qg4 d4 21. Ba5 Rc8
22. Nf2 Ng7 23. Qh3 h5 24. Ne4 Bxe4 25. Rxe4 Nf5 26. Bd2 Bc5 27. Qf3 Bb6 28. Rg1
Kg7 29. g3 Rh8 30. Kg2 Ne3+ 31. Bxe3 dxe3 32. Re1 Bd4 33. b3 Bb6 34. h3 Rc3 35.
g4 hxg4 36. hxg4 Rh4 37. f5 exf5 38. gxf5 Rxe4 39. f6+ Kg8 40. Qxe4 Qc6 41. Kf3
Qxe4+ 42. Kxe4 Rc8 43. a4 bxa4 44. bxa4 a5 45. Rb1 Bc5 46. Rb7 Re8 47. Bc4 Bb4
48. Bxf7+ Kh8 49. Kxe3 Rxe5+ 50. Kd3 Rf5 51. Rb8+ Kh7 52. Bg8+ Kh6 53. f7 g5 54.
Rb6+ Kg7 55. Ke4 Rf4+ 56. Ke5 Rf2 57. c4 g4 58. Rb7 Kh6 59. f8=Q+ Rxf8 60. Bd5
g3 61. Ke6 Rf2 62. Rb8 Kg7 63. Ke5 Bf8 64. Rb7+ Kg6 65. Rb8 Bg7+ 66. Ke6 g2 67.
Rb1 Re2+ 68. Kd7 Bd4 69. Bxg2 Rxg2 70. Rb5 Bc3 71. c5 Rd2+ 72. Kc7 Rd4 73. c6
Rxa4 74. Kb7 Rc4 75. c7 Rxc7+ 76. Kxc7 Kf6 77. Kc6 Ke6 78. Rb3 Bd4 1/2-1/2

[Event "Mondiale Lampo FIDE 2017"]
[Site "Riyadh"]
[Date "29.12.2017"]
[Round "7.50"]
[White "Kuzubov, Yuriy"]
[Black "Bosiocic, Marin"]
[Result "1-0"]
[WhiteTitle "GM"]
[BlackTitle "GM"]
[WhiteElo "2699"]
[BlackElo "2624"]
[WhiteFideId "14112906"]
[BlackFideId "14507927"]
[EventDate "2017.12.29"]

1. Nf3 d5 2. g3 Nc6 3. d4 Bf5 4. Bg2 Nb4 5. Na3 e6 6. O-O h6 7. c3 Nc6 8. Nb1
Nf6 9. Nbd2 a5 10. a4 Bd6 11. Re1 Bh7 12. Nh4 Ne4 13. Nhf3 O-O 14. Nxe4 Bxe4 15.
b3 Re8 16. Bb2 Rb8 17. e3 Qe7 18. Bf1 Nd8 19. Nd2 c6 20. Nxe4 dxe4 21. Bg2 f5
22. f3 exf3 23. Bxf3 e5 24. e4 f4 25. gxf4 exd4 26. e5 dxc3 27. Bxc3 Bc5+ 28.
Kh1 Qf7 29. Bh5 g6 30. Ra2 gxh5 31. Rg2+ Kf8 32. f5 Qd5 33. Qxh5 Re7 34. Qxh6+
Ke8 35. Qh5+ Nf7 36. e6 Kd8 37. Rd1 1-0

[Event "Mondiale Lampo FIDE 2017"]
[Site "Riyadh"]
[Date "29.12.2017"]
[Round "7.51"]
[White "Dobrov, Vladimir"]
[Black "Alekseev, Evgeny"]
[Result "0-1"]
[WhiteTitle "GM"]
[BlackTitle "GM"]
[WhiteElo "2515"]
[BlackElo "2616"]
[WhiteFideId "4136594"]
[BlackFideId "4138147"]
[EventDate "2017.12.29"]

1. e4 c5 2. a3 g6 3. h4 h6 4. Nc3 Bg7 5. Bc4 e6 6. d3 Nc6 7. Nge2 Nge7 8. Ba2 d6
9. h5 g5 10. f4 gxf4 11. Bxf4 Ne5 12. Qd2 Bd7 13. Nd1 b5 14. Ne3 Bc6 15. d4 cxd4
16. Nxd4 Qd7 17. Nxc6 Qxc6 18. O-O-O Qxe4 19. Rhf1 Rd8 20. Rde1 Qc6 21. g4 Nf3
22. Rxf3 Qxf3 23. Rf1 Qe4 24. c3 d5 25. Bb1 Qa4 26. Bc2 Qa5 27. Qf2 d4 28. Bb3
dxe3 29. Qxe3 Nd5 30. Qc5 Qb6 31. Qxb6 axb6 32. Bd2 O-O 33. g5 hxg5 34. Bxg5 f6
35. Bd2 Kh7 36. Bc2+ f5 37. Re1 e5 38. Bg5 Rd7 39. h6 Bh8 40. Rf1 Rdf7 41. Bb3
Ne7 42. Bxf7 Rxf7 43. Be3 Nd5 44. Bd2 e4 0-1

[Event "Mondiale Lampo FIDE 2017"]
[Site "Riyadh"]
[Date "29.12.2017"]
[Round "7.52"]
[White "Malakhatko, Vadim"]
[Black "Khader, Sami"]
[Result "0-1"]
[WhiteTitle "GM"]
[BlackTitle "IM"]
[WhiteElo "2542"]
[BlackElo "2392"]
[WhiteFideId "14104202"]
[BlackFideId "8100500"]
[EventDate "2017.12.29"]

1. c4 Nf6 2. Nc3 g6 3. e4 d6 4. d4 Bg7 5. Nf3 O-O 6. Be2 e5 7. O-O Nc6 8. d5 Ne7
9. b4 h5 10. a4 Nh7 11. a5 f5 12. c5 f4 13. Nd2 g5 14. Bxh5 Nf6 15. h3 g4 16.
hxg4 Nxh5 17. gxh5 Rf6 18. Qf3 Bd7 19. Nc4 Qc8 20. c6 bxc6 21. dxc6 Bg4 22. Qd3
Bxh5 23. f3 Bf7 24. b5 Rg6 25. Rf2 Qh3 26. Nd5 Nxd5 27. exd5 Qh4 28. Qe4 Rh6 29.
Kf1 Bg6 30. Qxg6 Rxg6 31. Nd2 e4 32. Nxe4 Bxa1 0-1

[Event "Mondiale Lampo FIDE 2017"]
[Site "Riyadh"]
[Date "29.12.2017"]
[Round "7.53"]
[White "Haddouche, Mohamed"]
[Black "Lodhi, Mahmood"]
[Result "1/2-1/2"]
[WhiteTitle "GM"]
[BlackTitle "IM"]
[WhiteElo "2505"]
[BlackElo "2347"]
[WhiteFideId "7900660"]
[BlackFideId "7800010"]
[EventDate "2017.12.29"]

1. e4 e5 2. Nf3 Nc6 3. Bb5 a6 4. Ba4 Nf6 5. d3 d6 6. O-O Be7 7. c3 O-O 8. Re1 h6
9. Nbd2 b5 10. Bc2 Re8 11. Nf1 Bf8 12. Ng3 g6 13. h3 Bg7 14. Nh2 d5 15. Qf3 dxe4
16. dxe4 Nh7 17. Be3 Ng5 18. Qe2 Ne6 19. Rad1 Qe7 20. Bb3 Na5 21. Bc2 Nc4 22.
Bc1 Nf4 23. Qf3 Qh4 24. Ng4 h5 25. Ne3 Be6 26. Bb3 c6 27. Ne2 Nxe2+ 28. Rxe2
Rad8 29. Ree1 Rxd1 30. Rxd1 Rd8 31. Rxd8+ Qxd8 32. Nxc4 bxc4 33. Bc2 c5 34. Qd1
Qxd1+ 35. Bxd1 f6 36. Ba4 Kf7 37. Be3 Bf8 38. Kf1 a5 39. Ke2 f5 40. f3 f4 41.
Bf2 g5 42. b3 Bd6 43. Kd2 cxb3 44. Bxb3 c4 45. Ba4 Bc7 46. Bc5 g4 47. hxg4 hxg4
48. Bb5 g3 49. a4 Kf6 50. Ke2 Bf7 51. Bc6 Be6 52. Kf1 Bf7 53. Ke2 Be6 54. Bb5
Bf7 55. Bg1 Be6 56. Ba7 Bf7 57. Bd7 Be6 58. Bc6 Bf7 59. Bc5 Be6 1/2-1/2

[Event "Mondiale Lampo FIDE 2017"]
[Site "Riyadh"]
[Date "29.12.2017"]
[Round "7.54"]
[White "Sanal, Vahap"]
[Black "Saeed, Ishaq"]
[Result "1-0"]
[WhiteTitle "GM"]
[BlackTitle "FM"]
[WhiteElo "2551"]
[BlackElo "2434"]
[WhiteFideId "6300545"]
[BlackFideId "9301453"]
[EventDate "2017.12.29"]

1. e4 e5 2. Nf3 Nc6 3. Bb5 a6 4. Ba4 Nf6 5. O-O b5 6. Bb3 Bb7 7. d3 Be7 8. a4 d6
9. Nc3 b4 10. Nd5 Nxd5 11. Bxd5 Rb8 12. a5 O-O 13. Bd2 Kh8 14. h3 f5 15. exf5
Rxf5 16. Qe1 Qf8 17. Qe4 Nd8 18. Bxb7 Nxb7 19. d4 exd4 20. Nxd4 Nc5 21. Qxf5 Bf6
22. Nc6 Rb5 23. Rfe1 h6 24. Qg6 Ne4 1-0

[Event "Mondiale Lampo FIDE 2017"]
[Site "Riyadh"]
[Date "29.12.2017"]
[Round "7.55"]
[White "Tissir, Mohamed"]
[Black "Al-Hajiri, Bader"]
[Result "0-1"]
[WhiteTitle "IM"]
[BlackTitle "FM"]
[WhiteElo "2381"]
[BlackElo "2165"]
[WhiteFideId "9000240"]
[BlackFideId "10300163"]
[EventDate "2017.12.29"]

1. Nf3 Nf6 2. g3 g6 3. Bg2 Bg7 4. O-O O-O 5. d4 d5 6. b3 Re8 7. Bb2 c6 8. Nbd2
Nfd7 9. e4 dxe4 10. Nxe4 Qc7 11. c4 Nf6 12. Nc3 Bg4 13. h3 Bf5 14. Re1 Na6 15.
Rc1 Rad8 16. Qe2 Nd7 17. g4 Be6 18. d5 Bxc3 19. Rxc3 Bxg4 20. hxg4 Nf6 21. g5
Nh5 22. dxc6 bxc6 23. Rd3 Nf4 24. Qe5 Qxe5 25. Nxe5 Nxd3 26. Nxd3 Rxd3 27. Bxc6
Rf8 28. Rxe7 Nb4 29. Be4 Rd2 30. Bc3 Rd1+ 31. Kg2 Nxa2 32. Ba5 Nc1 33. b4 Rd4
34. Bd5 Nb3 35. Bc7 Rg4+ 36. Kh3 Rxg5 37. b5 h5 38. Bd6 Rf5 39. f4 Nd2 40. Re2
Rd8 41. Bc7 Rc8 42. Be5 Nxc4 43. Rc2 Nb6 44. Bc6 a6 45. Rb2 axb5 46. Bxb5 Nc4
47. Rc2 Nb6 48. Rd2 f6 49. Bd6 Rd8 50. Kg3 Rxb5 0-1

[Event "Mondiale Lampo FIDE 2017"]
[Site "Riyadh"]
[Date "29.12.2017"]
[Round "7.56"]
[White "Abdyjapar, Asyl"]
[Black "Amer, Said Salim Al Maashani"]
[Result "1-0"]
[WhiteTitle "IM"]
[BlackTitle "FM"]
[WhiteElo "2382"]
[BlackElo "2103"]
[WhiteFideId "13800337"]
[BlackFideId "22000100"]
[EventDate "2017.12.29"]

1. d4 Nf6 2. c4 e6 3. Nf3 b6 4. a3 Ba6 5. Qc2 Bb7 6. Nc3 c5 7. dxc5 Bxc5 8. Bg5
O-O 9. e3 Be7 10. Rd1 d6 11. Be2 Nbd7 12. O-O a6 13. Bf4 Qc7 14. h3 Rfd8 15. Rd2
Nf8 16. Rfd1 Rd7 17. Bh2 Rad8 18. b4 Bxf3 19. gxf3 Ng6 20. Ne4 Qc6 21. a4 d5 22.
Nxf6+ gxf6 23. b5 axb5 24. axb5 Qc5 25. cxd5 Qxc2 26. Rxc2 Rxd5 27. Rxd5 Rxd5
28. Bg3 Kg7 29. f4 f5 30. Rc6 Bc5 31. Rc7 Rd2 32. Bf3 Rb2 33. Bc6 h5 34. h4 Kf6
35. Bf3 Rxb5 36. Bxh5 Rb1+ 37. Kg2 Bb4 38. Bf3 b5 39. h5 Nh8 40. Bh4+ Kg7 41.
Bg5 Rb2 42. Rb7 Be1 43. Bh4 b4 44. Kf1 Rb1 45. Ke2 Bc3 46. Kd3 Be1 47. Kc2 Ra1
48. Kb3 Ra3+ 49. Kb2 Bc3+ 50. Kc2 Ra2+ 51. Kd3 Rd2+ 52. Kc4 Rd6 53. Be7 Rd2 54.
Bh4 Rd6 55. e4 fxe4 56. Be2 Bd4 57. Rxb4 Bf6 58. Bg3 Kh6 59. Rb8 Bg7 1-0